Catálogo
 En Linea

Construyendo una sociedad más justa desde nuestras comunidades : (Registro nro. 29124)

Detalles MARC
000 -CABECERA
campo de control de longitud fija 00600nam a2200157 a 4500
001 - NÚMERO DE CONTROL
campo de control 000029632
005 - FECHA Y HORA DE LA ÚLTIMA TRANSACCIÓN
campo de control 20200930055706.0
008 - DATOS DE LONGITUD FIJA--INFORMACIÓN GENERAL
campo de control de longitud fija 110419s2005 dr a 000 0 spa d
040 ## - FUENTE DE LA CATALOGACIÓN
Centro catalogador/agencia de origen DO-SdBNP
Lengua de catalogación spa
Centro/agencia transcriptor BNPHU
082 ## - NÚMERO DE LA CLASIFICACIÓN DECIMAL DEWEY
Número de clasificación xxx
049 ## - FONDOS LOCALES (OCLC)
Fondos de biblioteca BNPD
110 1# - ENTRADA PRINCIPAL--NOMBRE DE ENTIDAD CORPORATIVA
Nombre de entidad corporativa o nombre de jurisdicción como elemento de entrada Centro Dominicano de Asesoría e Investigaciones Legales.
9 (RLIN) 56444
245 10 - MENCIÓN DE TÍTULO
Título Construyendo una sociedad más justa desde nuestras comunidades :
Resto del título Informe de la sistematización del programa de capacitación de los orientadores legales de CEDAIL/.
260 ## - PUBLICACIÓN, DISTRIBUCIÓN, ETC.
Lugar de publicación, distribución, etc. Santo Domingo; :
Nombre del editor, distribuidor, etc. Intermón Oxfam:,
Fecha de publicación, distribución, etc. 2005.
300 ## - DESCRIPCIÓN FÍSICA
Extensión 44 p. :
Otras características físicas il. ;
Dimensiones 26 cm.
Existencias
Estado de retiro Estado de pérdida No para préstamo Código de colección Localización permanente Ubicación/localización actual Ubicación en estantería Fecha de adquisición Número de inventario Total de préstamos Signatura topográfica completa Código de barras Fecha visto por última vez Precio válido a partir de Tipo de ítem Koha Número de copia
    Excluido de préstamo Patrimonio Dominicano Patrimonio Dominicano Patrimonio Dominicano En catalogación 19.04.2011 LF1   xxx 29632-10 25.06.2020 25.06.2020 Libro y Folleto Colección Patrimonio Dominicano  
    Excluido de préstamo Patrimonio Dominicano Patrimonio Dominicano Patrimonio Dominicano En catalogación 05.05.2011 LF1   xxx 29632-20 25.06.2020 25.06.2020 Libro y Folleto Colección Patrimonio Dominicano e. 2
    Excluido de préstamo Dominicana de Servicio Patrimonio Dominicano Patrimonio Dominicano En catalogación 05.05.2011 LF1   xxx 29632-30 25.06.2020 25.06.2020 Libro y Folleto Colección Dominicana de Servicio e. 3

Con tecnología Koha